000 00429nam a2200145Ia 4500
008 090123s9999 xx 000 0 und d
082 _b38986
245 _aश्री गणेश उपासना
250 _a1
260 _bअनघा प्रकाशन
_c2005
300 _a104
630 _aश्री गणेश उपासना
730 _aश्री गणेश उपासना
942 _cBOOK
999 _c77055
_d77055